[Event "37. Ciutat de Badalona 2011"]
[Site "Badalona ESP"]
[Date "2011.08.04"]
[Round "4.2"]
[White "Delgado Ramos, Hector"]
[Black "Hernandez Carmenates, Holden"]
[Result "1/2-1/2"]
[WhiteElo "2488"]
[BlackElo "2570"]
[PlyCount "22"]
[EventDate "2011.08.01"]
[EventType "swiss"]
[EventRounds "9"]
[EventCountry "ESP"]
[Source "lmi"]
[SourceDate "2011.08.01"]

1. d4 d5 2. c4 c6 3. Nc3 Nf6 4. Nf3 a6 5. a4 e6 6. Bg5 Be7 7. e3 O-O 8. Be2
Nbd7 9. O-O b6 10. Qc2 Bb7 11. Rad1 Re8 1/2-1/2

[Event "37. Ciutat de Badalona 2011"]
[Site "Badalona ESP"]
[Date "2011.08.04"]
[Round "4.3"]
[White "Almeida Quintana, Omar"]
[Black "Alarcon Casellas, Rolando"]
[Result "1/2-1/2"]
[WhiteElo "2548"]
[BlackElo "2453"]
[PlyCount "40"]
[EventDate "2011.08.01"]
[EventType "swiss"]
[EventRounds "9"]
[EventCountry "ESP"]
[Source "lmi"]
[SourceDate "2011.08.01"]

1. d4 d5 2. Nf3 Nf6 3. c4 c6 4. Nc3 dxc4 5. a4 Bf5 6. Ne5 e6 7. f3 Bb4 8. Nxc4
O-O 9. Kf2 c5 10. e4 Bxc3 11. bxc3 Bxe4 12. fxe4 Nxe4+ 13. Kg1 Nxc3 14. Qd3
Qxd4+ 15. Qxd4 cxd4 16. Bb2 Nc6 17. Bxc3 dxc3 18. Rc1 Nd4 19. Rxc3 b5 20. axb5
Nxb5 1/2-1/2

[Event "37. Ciutat de Badalona 2011"]
[Site "Badalona ESP"]
[Date "2011.08.04"]
[Round "4.4"]
[White "Ortiz Suarez, Isan Reynaldo"]
[Black "Lorenzo De La Riva, Lazaro"]
[Result "1/2-1/2"]
[WhiteElo "2556"]
[BlackElo "2391"]
[PlyCount "64"]
[EventDate "2011.08.01"]
[EventType "swiss"]
[EventRounds "9"]
[EventCountry "ESP"]
[Source "lmi"]
[SourceDate "2011.08.01"]

1. d4 c5 2. d5 d6 3. c4 e5 4. e4 Be7 5. Nf3 Nf6 6. Nc3 Nbd7 7. Bd3 O-O 8. O-O
Nh5 9. g3 g6 10. Ne1 Ng7 11. f4 f5 12. Nf3 exf4 13. gxf4 fxe4 14. Nxe4 Nf6 15.
Qc2 Nxe4 16. Bxe4 Bh3 17. Re1 Qd7 18. Kh1 Nh5 19. Rg1 Bf5 20. Bd2 Rae8 21. Rae1
Bxe4 22. Rxe4 Qf5 23. Qb1 Qh3 24. Re3 Nxf4 25. Ne5 Qh5 26. Nd7 Bh4 27. Qf1 Nxd5
28. Rxe8 Rxe8 29. cxd5 Qxd5+ 30. Rg2 Qe6 31. Bc3 Qxd7 32. Qc4+ Qf7 1/2-1/2

[Event "37. Ciutat de Badalona 2011"]
[Site "Badalona ESP"]
[Date "2011.08.04"]
[Round "4.6"]
[White "Cruz, Filemon"]
[Black "Narciso Dublan, Marc"]
[Result "1/2-1/2"]
[WhiteElo "2406"]
[BlackElo "2544"]
[PlyCount "49"]
[EventDate "2011.08.01"]
[EventType "swiss"]
[EventRounds "9"]
[EventCountry "ESP"]
[Source "lmi"]
[SourceDate "2011.08.01"]

1. d4 f5 2. g3 g6 3. Bg2 Bg7 4. c4 Nf6 5. Nf3 O-O 6. b4 d6 7. Bb2 c6 8. O-O Kh8
9. a4 Be6 10. Nbd2 Bg8 11. Re1 Nbd7 12. Qc2 Rc8 13. a5 d5 14. c5 Ng4 15. e3 Qc7
16. h3 Nh6 17. a6 Rb8 18. axb7 Rxb7 19. Ra4 Nf7 20. Nb3 h6 21. Na5 Rbb8 22.
Rea1 g5 23. Nb3 Rb7 24. Na5 Rbb8 25. Nb3 1/2-1/2

[Event "37. Ciutat de Badalona 2011"]
[Site "Badalona ESP"]
[Date "2011.08.04"]
[Round "4.7"]
[White "Ballester Llagaria, Luis Eduard"]
[Black "Llaneza Vega, Patricia"]
[Result "1-0"]
[WhiteElo "2532"]
[BlackElo "2246"]
[PlyCount "101"]
[EventDate "2011.08.01"]
[EventType "swiss"]
[EventRounds "9"]
[EventCountry "ESP"]
[Source "lmi"]
[SourceDate "2011.08.01"]

1. Nf3 c5 2. b3 Nc6 3. Bb2 d6 4. d4 cxd4 5. Nxd4 Nf6 6. e3 g6 7. Be2 Bg7 8. O-O
O-O 9. c4 Nxd4 10. Bxd4 Bd7 11. Nd2 a5 12. Qc2 Rc8 13. Qb2 Bc6 14. Rfd1 Qc7 15.
Rac1 Qb8 16. Qa3 b6 17. Nb1 Qb7 18. Bf1 Ne4 19. Bxg7 Kxg7 20. f3 Nc5 21. Nc3
Ne6 22. Qb2 Kg8 23. Qd2 f5 24. Re1 Nc5 25. Rcd1 Rc7 26. Qb2 Rcc8 27. Rd2 Qd7
28. a3 Qe6 29. b4 Na4 30. Nxa4 Bxa4 31. e4 Bc6 32. e5 axb4 33. axb4 dxe5 34.
Rxe5 Qf6 35. Rde2 Rc7 36. Qd4 Be8 37. Re1 Bf7 38. c5 bxc5 39. bxc5 Rfc8 40. Qb4
Qc6 41. Bc4 Bxc4 42. Qxc4+ Kf8 43. Kh1 Rb8 44. h3 Qf6 45. Re6 Qg5 46. Qd4 Kg8
47. Qd5 Kf8 48. Qe5 Rbc8 49. Qh8+ Kf7 50. Qxh7+ Kf8 51. Rxg6 1-0

[Event "37. Ciutat de Badalona 2011"]
[Site "Badalona ESP"]
[Date "2011.08.04"]
[Round "4.8"]
[White "Buchenau, Frank"]
[Black "Volodin, Aleksandr"]
[Result "1/2-1/2"]
[WhiteElo "2237"]
[BlackElo "2523"]
[PlyCount "153"]
[EventDate "2011.08.01"]
[EventType "swiss"]
[EventRounds "9"]
[EventCountry "ESP"]
[Source "lmi"]
[SourceDate "2011.08.01"]

1. e4 c5 2. d3 Nc6 3. f4 d5 4. Be2 g6 5. Nf3 Bg7 6. O-O e6 7. c3 Nge7 8. e5 Qb6
9. Na3 O-O 10. Nc2 f6 11. exf6 Bxf6 12. Ne3 Nf5 13. Ng4 Bg7 14. Nge5 Qc7 15. g4
Nd6 16. Be3 b6 17. Qe1 Bb7 18. Qh4 Rae8 19. Rae1 Bf6 20. Qg3 Nf7 21. Nxf7 Rxf7
22. d4 Be7 23. h4 Ref8 24. Ng5 Rf6 25. Kg2 Bd6 26. a3 Na5 27. Bd3 Nb3 28. Rf2
a5 29. Rh1 h6 30. Nh3 cxd4 31. cxd4 Nc5 32. Rc2 Qd7 33. g5 hxg5 34. hxg5 R6f7
35. Bxg6 Rg7 36. Bh5 Ne4 37. Qh4 Qa4 38. Bd1 Qb3 39. Re2 Qd3 40. Qh8+ Kxh8 41.
Nf2+ Kg8 42. Nxd3 Ba6 43. Bc2 Bxd3 44. Bxd3 Bxf4 45. Bxf4 Rxf4 46. Bxe4 Rxg5+
47. Kh3 dxe4 48. Rhe1 Rgg4 49. Rg2 Rxg2 50. Kxg2 Kf7 51. Kg3 Rf3+ 52. Kg4 Rb3
53. Re2 e3 54. Kf4 Kf6 55. Ke4 Ke7 56. d5 exd5+ 57. Kxd5 Kd7 58. Kd4 Kd6 59.
Rxe3 Rxb2 60. Rh3 a4 61. Rh6+ Kc7 62. Rh7+ Kc6 63. Rh6+ Kb5 64. Rh5+ Ka6 65.
Rh3 Rb1 66. Rg3 Ka5 67. Rg5+ b5 68. Rg2 Rb3 69. Ra2 b4 70. axb4+ Kxb4 71. Rc2
Rf3 72. Rb2+ Rb3 73. Rc2 a3 74. Rc4+ Kb5 75. Rc8 Rh3 76. Rb8+ Ka5 77. Kc4
1/2-1/2

[Event "37. Ciutat de Badalona 2011"]
[Site "Badalona ESP"]
[Date "2011.08.04"]
[Round "4.9"]
[White "Alberto, Manuel"]
[Black "Solleveld, Maarten"]
[Result "0-1"]
[WhiteElo "2218"]
[BlackElo "2497"]
[PlyCount "76"]
[EventDate "2011.08.01"]
[EventType "swiss"]
[EventRounds "9"]
[EventCountry "ESP"]
[Source "lmi"]
[SourceDate "2011.08.01"]

1. e4 c5 2. Nf3 e6 3. d4 cxd4 4. Nxd4 a6 5. c4 Nf6 6. Nc3 Bb4 7. f3 Qc7 8. Be3
O-O 9. Rc1 b6 10. Be2 Bb7 11. O-O Bd6 12. Kh1 Bxh2 13. f4 Bg3 14. e5 Ne4 15.
Bd3 Nxc3 16. Rxc3 Qd8 17. Qg4 Qh4+ 18. Qxh4 Bxh4 19. Nf3 Bd8 20. Rb3 a5 21. a4
Bc6 22. Ra1 Na6 23. Nd4 Nc5 24. Rba3 Bb7 25. Nb5 f6 26. Bc2 fxe5 27. fxe5 Be7
28. Rd1 Bc6 29. Nd6 Rab8 30. Kg1 Nb7 31. Rad3 Bxd6 32. Rxd6 Nxd6 33. Rxd6 h6
34. b3 g5 35. Bd3 Kg7 36. Kh2 Rf7 37. Kg3 Rbf8 38. Rd4 Rf3+ 0-1

[Event "37. Ciutat de Badalona 2011"]
[Site "Badalona ESP"]
[Date "2011.08.04"]
[Round "4.10"]
[White "Arvola, Benjamin"]
[Black "Karlsson, Lars"]
[Result "0-1"]
[WhiteElo "2207"]
[BlackElo "2482"]
[PlyCount "80"]
[EventDate "2011.08.01"]
[EventType "swiss"]
[EventRounds "9"]
[EventCountry "ESP"]
[Source "lmi"]
[SourceDate "2011.08.01"]

1. d4 f5 2. Nf3 Nf6 3. g3 e6 4. Bg2 d5 5. O-O Be7 6. c4 O-O 7. b3 Nc6 8. Ne5
Nxe5 9. dxe5 c6 10. Bb2 Ne4 11. Qc2 Bd7 12. Nd2 Be8 13. Nxe4 fxe4 14. Bh3 Bd7
15. Rad1 Qe8 16. Kg2 Rd8 17. Qd2 Bc8 18. Qa5 Qh5 19. f3 dxc4 20. Bg4 Qg6 21.
Qxa7 Rde8 22. Rc1 h5 23. Bh3 exf3+ 24. exf3 cxb3 25. axb3 Bg5 26. Rc4 Rf7 27.
Qa5 Rd7 28. f4 Bd8 29. Qe1 Rd5 30. Kh1 b5 31. Rd4 Bb6 32. Rxd5 cxd5 33. Qd1 d4
34. f5 Bb7+ 35. Bg2 Bxg2+ 36. Kxg2 exf5 37. Bxd4 Rd8 38. Rf4 Qc6+ 39. Kh3 Qd5
40. e6 Qxe6 0-1

[Event "37. Ciutat de Badalona 2011 B"]
[Site "Badalona ESP"]
[Date "2011.08.04"]
[Round "4.1"]
[White "Sole Bove, Josep"]
[Black "Salazar Navas, Josep"]
[Result "1-0"]
[WhiteElo "1906"]
[BlackElo "1868"]
[PlyCount "58"]
[EventDate "2011.08.01"]
[EventType "swiss"]
[EventRounds "9"]
[EventCountry "ESP"]
[Source "lmi"]
[SourceDate "2011.08.01"]

1. d4 Nf6 2. c4 c5 3. d5 b5 4. e3 g6 5. Nc3 b4 6. Nce2 Bg7 7. Nf3 d6 8. Ng3 O-O
9. Bd3 Nbd7 10. h4 Ng4 11. h5 Nge5 12. hxg6 Nxf3+ 13. gxf3 fxg6 14. f4 Nf6 15.
f3 e6 16. Kf2 exd5 17. cxd5 Qb6 18. f5 g5 19. e4 h6 20. f4 Nh7 21. Kg2 Ba6 22.
Bxa6 Qxa6 23. fxg5 Nxg5 24. Bxg5 hxg5 25. Qh5 Rf6 26. Qxg5 Qb7 27. Nh5 Rf7 28.
f6 Qb5 29. Rae1 Qb6 1-0

[Event "37. Ciutat de Badalona 2011"]
[Site "Badalona ESP"]
[Date "2011.08.05"]
[Round "5.1"]
[White "Iturrizaga, Eduardo"]
[Black "Solleveld, Maarten"]
[Result "1/2-1/2"]
[WhiteElo "2603"]
[BlackElo "2497"]
[PlyCount "70"]
[EventDate "2011.08.01"]
[EventType "swiss"]
[EventRounds "9"]
[EventCountry "ESP"]
[Source "lmi"]
[SourceDate "2011.08.01"]

1. Nf3 Nf6 2. c4 g6 3. Nc3 Bg7 4. d4 O-O 5. g3 d6 6. Bg2 Nc6 7. O-O e5 8. d5
Ne7 9. e4 Nd7 10. Ne1 f5 11. Nd3 Nf6 12. Bg5 h6 13. Bxf6 Bxf6 14. f4 exf4 15.
Nxf4 Be5 16. exf5 Bxf5 17. Qd2 c6 18. Kh1 Qb6 19. Rae1 Rae8 20. Ne4 g5 21. Nd3
cxd5 22. cxd5 Bg7 23. g4 Bg6 24. Rxf8+ Rxf8 25. h4 gxh4 26. Nf4 Bxe4 27. Rxe4
Qxb2 28. Qxb2 Bxb2 29. Nd3 Bf6 30. Re6 Nc8 31. Be4 Bg5 32. Kg2 Rf6 33. Re8+ Rf8
34. Re6 Rf6 35. Re8+ Rf8 1/2-1/2

[Event "37. Ciutat de Badalona 2011"]
[Site "Badalona ESP"]
[Date "2011.08.05"]
[Round "5.2"]
[White "Hernandez Carmenates, Holden"]
[Black "Gonzalez Vidal, Yuri"]
[Result "1/2-1/2"]
[WhiteElo "2570"]
[BlackElo "2503"]
[PlyCount "108"]
[EventDate "2011.08.01"]
[EventType "swiss"]
[EventRounds "9"]
[EventCountry "ESP"]
[Source "lmi"]
[SourceDate "2011.08.01"]

1. d4 Nf6 2. c4 e6 3. Nc3 Bb4 4. Qc2 O-O 5. a3 Bxc3+ 6. Qxc3 d5 7. Bg5 dxc4 8.
Qxc4 b6 9. Rd1 Ba6 10. Qa4 Qd7 11. Qc2 Qc6 12. Qxc6 Nxc6 13. Bxf6 gxf6 14. Nf3
Na5 15. e3 Bxf1 16. Rxf1 c5 17. Ke2 Rfc8 18. dxc5 bxc5 19. Rc1 Rcb8 20. Rc2 Rb5
21. Rb1 Rab8 22. Nd2 c4 23. Ne4 f5 24. Nd2 Kg7 25. Kf3 Kf6 26. Rc3 Rxb2 27.
Rxb2 Rxb2 28. Nxc4 Nxc4 29. Rxc4 Rb5 30. a4 Rd5 31. Ke2 Rd7 32. Rc6 Kg6 33. Kf3
Kf6 34. g4 fxg4+ 35. Kxg4 Rd2 36. Kg3 Rd5 37. Ra6 Rg5+ 38. Kf3 Rf5+ 39. Kg2
Rg5+ 40. Kf3 Rf5+ 41. Ke2 Rh5 42. Rxa7 Rxh2 43. Rc7 Rh4 44. a5 Ra4 45. Rc5 Ke7
46. Rh5 Ra2+ 47. Kf3 Kf6 48. Rb5 Ke7 49. e4 Kf6 50. Ke3 e5 51. Kf3 h5 52. Kg3
Ra4 53. f3 Ra2 54. Rc5 Ra1 1/2-1/2

[Event "37. Ciutat de Badalona 2011"]
[Site "Badalona ESP"]
[Date "2011.08.05"]
[Round "5.3"]
[White "Panchanathan, Magesh Chandran"]
[Black "Delgado Ramos, Hector"]
[Result "1-0"]
[WhiteElo "2556"]
[BlackElo "2488"]
[PlyCount "166"]
[EventDate "2011.08.01"]
[EventType "swiss"]
[EventRounds "9"]
[EventCountry "ESP"]
[Source "lmi"]
[SourceDate "2011.08.01"]

1. d4 d5 2. c4 c6 3. Nf3 Nf6 4. e3 Bf5 5. Nc3 e6 6. Be2 h6 7. cxd5 exd5 8. O-O
Bd6 9. Qb3 Qb6 10. Bd2 Nbd7 11. Rfc1 Ne4 12. Be1 O-O 13. Na4 Qxb3 14. axb3 a6
15. Nh4 Bh7 16. f3 Ng5 17. b4 Rfe8 18. Kf2 Re7 19. Bd2 Rae8 20. Bf1 Ne6 21. g3
g5 22. Ng2 g4 23. f4 Nf6 24. Nc5 Bxc5 25. bxc5 Ne4+ 26. Ke1 Nxd4 27. exd4 Nxg3+
28. Kf2 Ne4+ 29. Ke1 Nxc5+ 30. Kd1 Nb3 31. Ra3 Nxc1 32. Kxc1 Be4 33. Nh4 Kh7
34. Rb3 f6 35. Bb4 Rd7 36. Kd2 Rg8 37. Bc5 Kg7 38. Ke3 Kf7 39. Kf2 Re8 40. Bb4
Bc2 41. Rc3 Bh7 42. Bc5 h5 43. f5 Kg7 44. Rg3 Kh6 45. Bd3 a5 46. Bb6 Ra8 47.
Re3 Bg8 48. Kg3 Bf7 49. Kf4 a4 50. Bc2 Kg7 51. Ng2 Ra6 52. Bc5 b6 53. Bd3 Ra8
54. Ba3 Rc7 55. Kg3 c5 56. Nf4 cxd4 57. Ne6+ Bxe6 58. Rxe6 Kf7 59. Rxb6 Re8 60.
Kf2 Re3 61. Bd6 Ra7 62. Bf1 Rb3 63. Rxb3 axb3 64. Bg2 Ra5 65. Bb4 Rb5 66. Ba3
Kg7 67. Ke2 Kh6 68. Kd3 Kg5 69. Kxd4 Kxf5 70. Bxd5 h4 71. Bd6 Kg5 72. Bc7 Rb4+
73. Kc3 Ra4 74. Bxb3 Ra1 75. Bc2 Rg1 76. b4 g3 77. hxg3 hxg3 78. Bb6 Re1 79.
Kd2 Re6 80. Bg1 f5 81. b5 f4 82. b6 f3 83. Be3+ Kg4 1-0

[Event "37. Ciutat de Badalona 2011"]
[Site "Badalona ESP"]
[Date "2011.08.05"]
[Round "5.4"]
[White "Karlsson, Lars"]
[Black "Almeida Quintana, Omar"]
[Result "1-0"]
[WhiteElo "2482"]
[BlackElo "2548"]
[PlyCount "63"]
[EventDate "2011.08.01"]
[EventType "swiss"]
[EventRounds "9"]
[EventCountry "ESP"]
[Source "lmi"]
[SourceDate "2011.08.01"]

1. f4 g6 2. Nf3 Bg7 3. e4 d5 4. e5 Nh6 5. d4 c6 6. c3 f6 7. Be2 O-O 8. O-O Bg4
9. Na3 Nd7 10. Nc2 Nf5 11. Ne3 Nxe3 12. Bxe3 Qb6 13. Qd2 Bxf3 14. Bxf3 e6 15.
c4 Qa6 16. c5 b6 17. b4 bxc5 18. bxc5 Rab8 19. a4 Bh6 20. Bg4 Rfe8 21. Rfb1
Rxb1+ 22. Rxb1 fxe5 23. fxe5 Bxe3+ 24. Qxe3 Qxa4 25. h4 Nxc5 26. h5 Ne4 27.
hxg6 hxg6 28. Kh2 c5 29. Qh6 Qd7 30. Qxg6+ Kh8 31. Rb3 Nf2 32. Qf6+ 1-0

[Event "37. Ciutat de Badalona 2011 B"]
[Site "Badalona ESP"]
[Date "2011.08.05"]
[Round "5.1"]
[White "Sole Bove, Josep"]
[Black "Olive Oller, Guim"]
[Result "1-0"]
[WhiteElo "1906"]
[BlackElo "1762"]
[PlyCount "39"]
[EventDate "2011.08.01"]
[EventType "swiss"]
[EventRounds "9"]
[EventCountry "ESP"]
[Source "lmi"]
[SourceDate "2011.08.01"]

1. d4 d5 2. c4 e6 3. Nf3 Nf6 4. g3 c6 5. Bg2 Qc7 6. O-O dxc4 7. Nc3 b5 8. Ne5
Bb7 9. b3 Nd5 10. Nxd5 cxd5 11. bxc4 dxc4 12. Bxb7 Qxb7 13. Rb1 Qa6 14. e3 Qxa2
15. Rxb5 a6 16. Rb7 Bd6 17. Nxf7 O-O 18. Nxd6 c3 19. Qg4 g6 20. Qh4 1-0

[Event "37. Ciutat de Badalona 2011"]
[Site "Badalona ESP"]
[Date "2011.08.06"]
[Round "6.1"]
[White "Munoz Pantoja, Miguel"]
[Black "Iturrizaga, Eduardo"]
[Result "0-1"]
[WhiteElo "2482"]
[BlackElo "2603"]
[PlyCount "92"]
[EventDate "2011.08.01"]
[EventType "swiss"]
[EventRounds "9"]
[EventCountry "ESP"]
[Source "lmi"]
[SourceDate "2011.08.01"]

1. e4 c5 2. Nf3 g6 3. d4 Bg7 4. Nc3 cxd4 5. Nxd4 Nc6 6. Be3 Nf6 7. Bc4 O-O 8.
Bb3 d6 9. f3 Bd7 10. Nxc6 Bxc6 11. O-O Nd7 12. Qd2 a5 13. a4 Nc5 14. Kh1 Qb6
15. Qf2 Rac8 16. Rad1 Qa6 17. Bd4 Bxd4 18. Qxd4 b5 19. axb5 Bxb5 20. Rfe1 Nxb3
21. cxb3 Bc6 22. Ra1 Qb7 23. Rxa5 Qxb3 24. Re2 Ra8 25. Rxa8 Rxa8 26. h3 Ra5 27.
Kh2 Rc5 28. Rd2 h5 29. Re2 f6 30. Rd2 Kf7 31. Re2 g5 32. Rf2 Qb8 33. Kg1 Bd7
34. Qd2 Ra5 35. Nd5 Ra1+ 36. Kh2 e6 37. f4 g4 38. Ne3 gxh3 39. gxh3 Bc6 40. Qc2
Qb6 41. Qe2 Bxe4 42. f5 Ke7 43. Rf4 Qd4 44. Nf1 d5 45. fxe6 h4 46. Qb5 Qd2+ 0-1

[Event "37. Ciutat de Badalona 2011"]
[Site "Badalona ESP"]
[Date "2011.08.06"]
[Round "6.3"]
[White "Gonzalez Vidal, Yuri"]
[Black "Karlsson, Lars"]
[Result "1-0"]
[WhiteElo "2503"]
[BlackElo "2482"]
[PlyCount "62"]
[EventDate "2011.08.01"]
[EventType "swiss"]
[EventRounds "9"]
[EventCountry "ESP"]
[Source "lmi"]
[SourceDate "2011.08.01"]

1. e4 e6 2. d4 d5 3. e5 c5 4. c3 Qb6 5. Nf3 Bd7 6. a3 c4 7. Nbd2 Nc6 8. Be2 Na5
9. O-O Ne7 10. Rb1 Nb3 11. Bxc4 Nxd2 12. Nxd2 dxc4 13. Nxc4 Qc6 14. Nd6+ Kd8
15. Nxf7+ Kc7 16. Nxh8 Be8 17. Bg5 Qe4 18. c4 Bc6 19. d5 exd5 20. Nf7 d4 21. f3
Qg6 22. e6 Nf5 23. Bf4+ Kb6 24. Re1 Ne3 25. Bxe3 dxe3 26. b4 Kc7 27. Rxe3 a5
28. Qe1 Be7 29. Ne5 Qf5 30. Nxc6 bxc6 31. Rd1 Bf6 1-0

[Event "37. Ciutat de Badalona 2011"]
[Site "Badalona ESP"]
[Date "2011.08.06"]
[Round "6.4"]
[White "Ortiz Suarez, Isan Reynaldo"]
[Black "Perez Mitjans, Orelvis"]
[Result "1-0"]
[WhiteElo "2556"]
[BlackElo "2452"]
[PlyCount "69"]
[EventDate "2011.08.01"]
[EventType "swiss"]
[EventRounds "9"]
[EventCountry "ESP"]
[Source "lmi"]
[SourceDate "2011.08.01"]

1. d4 Nf6 2. c4 c5 3. d5 b5 4. cxb5 a6 5. f3 g6 6. e4 d6 7. Na3 Bg7 8. Ne2 O-O
9. Nc3 Ne8 10. Bd3 Nd7 11. O-O axb5 12. Naxb5 Ba6 13. a4 Qb6 14. Be3 Nc7 15.
Qd2 Rfb8 16. Nxc7 Qxc7 17. Nb5 Qb7 18. Rac1 Ne5 19. Be2 c4 20. f4 Bxb5 21. axb5
Nd3 22. Rxc4 Nxb2 23. Rc2 Ra3 24. Rfc1 Qa8 25. e5 Na4 26. Rc7 Nc5 27. Bxc5 dxc5
28. R1xc5 g5 29. Bh5 Ra4 30. Qc2 Rxf4 31. g3 Rb4 32. Bxf7+ Kh8 33. Rc8+ Bf8 34.
Be6 R4xb5 35. Qf5 1-0

[Event "37. Ciutat de Badalona 2011"]
[Site "Badalona ESP"]
[Date "2011.08.06"]
[Round "6.6"]
[White "Solleveld, Maarten"]
[Black "Hernandez Carmenates, Holden"]
[Result "0-1"]
[WhiteElo "2497"]
[BlackElo "2570"]
[PlyCount "158"]
[EventDate "2011.08.01"]
[EventType "swiss"]
[EventRounds "9"]
[EventCountry "ESP"]
[Source "lmi"]
[SourceDate "2011.08.01"]

1. c4 Nf6 2. Nc3 e5 3. Nf3 Nc6 4. g3 Bb4 5. Nd5 Bc5 6. Bg2 O-O 7. O-O d6 8. d3
Nxd5 9. cxd5 Ne7 10. d4 exd4 11. Nxd4 Re8 12. e3 Bb6 13. Qd3 Ng6 14. h3 Qf6 15.
Bd2 Bxd4 16. Qxd4 Qxd4 17. exd4 Bf5 18. Rac1 Rac8 19. h4 Bd3 20. Rfd1 Be4 21.
Bh3 f5 22. Re1 Ne7 23. Rxe4 fxe4 24. Bxc8 Rxc8 25. Re1 Nxd5 26. Rxe4 a5 27. Kf1
Kf7 28. Ke2 Ra8 29. Kd3 b5 30. h5 a4 31. Re1 Rd8 32. g4 Rd7 33. f3 Rd8 34. Re2
Rc8 35. Re1 Rb8 36. Re2 c6 37. Re1 Rb7 38. Rc1 Rc7 39. Re1 Kf8 40. f4 Kf7 41.
Rc1 Nf6 42. Rg1 c5 43. dxc5 dxc5 44. Bc3 Rd7+ 45. Ke3 Nd5+ 46. Ke4 a3 47. Be5
axb2 48. Bxb2 Nb4 49. a3 Nd3 50. Be5 c4 51. Rb1 Nc5+ 52. Kf5 Rd5 53. g5 g6+ 54.
hxg6+ hxg6+ 55. Kg4 Nd3 56. Bc3 Rf5 57. Bd2 Ke6 58. Kf3 Rd5 59. Rh1 Nc5 60. Be3
Rd3 61. Rh6 Kf5 62. Rh7 Nb3 63. Rb7 Nd4+ 64. Kf2 Nc2 65. Rxb5+ Kg4 66. Bc1 Rf3+
67. Kg1 Nd4 68. Rb2 c3 69. Rg2+ Kf5 70. a4 Rd3 71. Kf2 Rd1 72. Rg1 Rxg1 73.
Kxg1 Ne2+ 74. Kf2 Nxc1 75. Ke3 Na2 76. Kd3 Kxf4 77. Kc2 Kxg5 78. Kb3 Kf4 79.
Kxa2 Ke3 0-1

[Event "37. Ciutat de Badalona 2011"]
[Site "Badalona ESP"]
[Date "2011.08.06"]
[Round "6.7"]
[White "Narciso Dublan, Marc"]
[Black "Cruz, Jonathan"]
[Result "1-0"]
[WhiteElo "2544"]
[BlackElo "2406"]
[PlyCount "127"]
[EventDate "2011.08.01"]
[EventType "swiss"]
[EventRounds "9"]
[EventCountry "ESP"]
[Source "lmi"]
[SourceDate "2011.08.01"]

1. e4 c6 2. d4 d5 3. Nd2 dxe4 4. Nxe4 Bf5 5. Nc5 Qc7 6. Bd3 Bg6 7. Nf3 e6 8.
Bxg6 hxg6 9. Nd3 Nd7 10. Qe2 Ngf6 11. Bd2 Bd6 12. Nde5 Bxe5 13. dxe5 Ng4 14.
Bc3 Nb6 15. O-O-O Nd5 16. Bd2 Qb6 17. Rhf1 Nh6 18. c4 Qa6 19. Kb1 O-O-O 20. Ng5
Nb6 21. b3 Qa3 22. g4 Nd7 23. Bc1 Qb4 24. h3 a5 25. Qe1 Qb6 26. Ne4 Kb8 27. Bg5
Nxe5 28. Bxd8 Rxd8 29. Rxd8+ Qxd8 30. Qd1 Qxd1+ 31. Rxd1 Kc7 32. f4 Nd7 33. Nd6
e5 34. fxe5 Nxe5 35. Ne8+ Kb6 36. Nxg7 Kc5 37. Rd8 f6 38. Ne6+ Kb6 39. Rh8 Nhf7
40. Rh7 g5 41. Kc2 c5 42. Ng7 Nd6 43. Nh5 Ne4 44. Re7 Nf2 45. Nxf6 Nf3 46. Nd5+
Kc6 47. Rc7+ Kd6 48. Rxb7 Nxh3 49. Ra7 Nf2 50. Ne3 Nd4+ 51. Kb2 Ke5 52. Rxa5
Kf4 53. Nc2 Kxg4 54. Nxd4 cxd4 55. Rd5 Kf3 56. Rxg5 d3 57. Rd5 Ke2 58. c5 d2
59. Kc3 Nd1+ 60. Kb4 Ne3 61. Rxd2+ Kxd2 62. c6 Kd3 63. Kc5 Nf5 64. b4 1-0

[Event "37. Ciutat de Badalona 2011"]
[Site "Badalona ESP"]
[Date "2011.08.06"]
[Round "6.9"]
[White "Almeida Quintana, Omar"]
[Black "Ten Hertog, Hugo"]
[Result "1-0"]
[WhiteElo "2548"]
[BlackElo "2302"]
[PlyCount "43"]
[EventDate "2011.08.01"]
[EventType "swiss"]
[EventRounds "9"]
[EventCountry "ESP"]
[Source "lmi"]
[SourceDate "2011.08.01"]

1. d4 d5 2. Nf3 Nf6 3. c4 e6 4. Bg5 h6 5. Bh4 dxc4 6. e3 b5 7. a4 c6 8. Nc3 Bb4
9. Be2 Bb7 10. O-O a6 11. Ne5 Nbd7 12. f4 Qb6 13. Bf3 c5 14. axb5 Nxe5 15. fxe5
Nd5 16. Bxd5 Bxd5 17. Qg4 O-O 18. Bf6 g6 19. Qh3 h5 20. Nxd5 exd5 21. Rf5 axb5
22. Raf1 1-0

[Event "37. Ciutat de Badalona 2011"]
[Site "Badalona ESP"]
[Date "2011.08.06"]
[Round "6.10"]
[White "Pomes Marcet, Juan"]
[Black "Rodriguez Cepedes, Amador"]
[Result "1/2-1/2"]
[WhiteElo "2347"]
[BlackElo "2446"]
[PlyCount "50"]
[EventDate "2011.08.01"]
[EventType "swiss"]
[EventRounds "9"]
[EventCountry "ESP"]
[Source "lmi"]
[SourceDate "2011.08.01"]

1. d4 Nf6 2. c4 e6 3. Nc3 Bb4 4. e3 O-O 5. Nge2 d5 6. a3 Be7 7. Nf4 c6 8. Bd3
Nbd7 9. cxd5 cxd5 10. O-O b6 11. Bd2 Bb7 12. Rc1 Ne4 13. Nxe4 dxe4 14. Bc4 Nf6
15. Bb4 Bxb4 16. axb4 Qd6 17. b5 a6 18. bxa6 Bxa6 19. Bxa6 Rxa6 20. Qb3 Rfa8
21. h3 h6 22. Rc4 Ra1 23. Rcc1 R1a4 24. Rc4 Ra1 25. Rcc1 R1a4 1/2-1/2

[Event "37. Ciutat de Badalona 2011"]
[Site "Badalona ESP"]
[Date "2011.08.07"]
[Round "7.1"]
[White "Ortiz Suarez, Isan Reynaldo"]
[Black "Hernandez Carmenates, Holden"]
[Result "1-0"]
[WhiteElo "2556"]
[BlackElo "2570"]
[PlyCount "109"]
[EventDate "2011.08.01"]
[EventType "swiss"]
[EventRounds "9"]
[EventCountry "ESP"]
[Source "lmi"]
[SourceDate "2011.08.01"]

1. e4 c5 2. Nf3 d6 3. d4 cxd4 4. Nxd4 Nf6 5. Nc3 a6 6. Bg5 e6 7. f4 Qb6 8. Nb3
Qe3+ 9. Qe2 Qxe2+ 10. Bxe2 Nbd7 11. Bf3 h6 12. Bh4 Rg8 13. Bf2 g5 14. g3 h5 15.
Rd1 h4 16. Na5 g4 17. Be2 b6 18. Nc4 Bb7 19. Nxd6+ Bxd6 20. Rxd6 Bxe4 21. Nxe4
Nxe4 22. Rc6 Ke7 23. Bd3 Nxf2 24. Kxf2 Rh8 25. Rd1 hxg3+ 26. hxg3 Rhc8 27. Rxc8
Rxc8 28. Ke3 Nc5 29. Rh1 b5 30. Rh7 Na4 31. b3 Nc3 32. a3 a5 33. Bg6 Rf8 34.
Kd2 Nb1+ 35. Kc1 Nxa3 36. Bd3 b4 37. Rg7 Rh8 38. Rxg4 Rh1+ 39. Kd2 Rh2+ 40. Kc1
f5 41. Rg7+ Kf6 42. Ra7 Rg2 43. Rxa5 Rxg3 44. Ra4 Rg1+ 45. Kb2 Rb1+ 46. Ka2 Re1
47. Rxb4 Nb1 48. Kb2 Nd2 49. c4 Re3 50. Kc3 Nf3 51. c5 Ke7 52. Rb7+ Kd8 53. c6
e5 54. Rd7+ Ke8 55. Rd5 1-0

[Event "37. Ciutat de Badalona 2011"]
[Site "Badalona ESP"]
[Date "2011.08.07"]
[Round "7.2"]
[White "Gonzalez Vidal, Yuri"]
[Black "Panchanathan, Magesh Chandran"]
[Result "1/2-1/2"]
[WhiteElo "2503"]
[BlackElo "2556"]
[PlyCount "65"]
[EventDate "2011.08.01"]
[EventType "swiss"]
[EventRounds "9"]
[EventCountry "ESP"]
[Source "lmi"]
[SourceDate "2011.08.01"]

1. d4 Nf6 2. c4 e6 3. Nc3 Bb4 4. Qc2 O-O 5. e4 d5 6. e5 Ne4 7. Bd3 c5 8. Nge2
cxd4 9. Nxd4 Nd7 10. Bf4 Ndc5 11. O-O Bxc3 12. bxc3 Nxd3 13. Qxd3 b6 14. cxd5
Qxd5 15. Rfd1 Bb7 16. c4 Qd8 17. f3 Nc5 18. Qe3 Qb8 19. Nb5 Bc6 20. Nd6 Nb7 21.
Bg5 Nxd6 22. exd6 Bd7 23. Be7 Rc8 24. Rd4 h5 25. Re4 Rc5 26. Re5 Rxe5 27. Qxe5
Qc8 28. Rc1 Qc6 29. Qxh5 Rc8 30. Qg5 Qc5+ 31. Qxc5 Rxc5 32. Kf2 f6 33. Ke3
1/2-1/2